[Event "Haarlem Masters"]
[Site "Haarlem"]
[Date "2018.10.22"]
[Round "3"]
[White "Lenaerts, Lennert"]
[Black "Gijswijt, Bart"]
[Result "1/2-1/2"]
[WhiteElo "2362"]
[BlackElo "2321"]
[PlyCount "102"]
[EventDate "2018.10.20"]
[EventType "tourn"]
[EventRounds "9"]
[EventCountry "NED"]
[EventCategory "4"]
[SourceTitle "CBM 187 Extra"]
[Source "ChessBase"]
[SourceDate "2018.11.04"]
[SourceVersion "1"]
[SourceVersionDate "2018.11.04"]
[SourceQuality "1"]

1. d4 Nf6 2. c4 e6 3. Nc3 Bb4 4. Qc2 Nc6 5. Nf3 d5 6. cxd5 exd5 7. Bg5 h6 8. Bxf6 Qxf6 9. a3 Bxc3+ 10. bxc3 Bf5 11. Qb3 0-0-0 12. e3 Be4 13. Nd2 Qg6 14. Nxe4 Qxe4 15. Qb1 Qxb1+ 16. Rxb1 Ne7 17. Bd3 Rd6 18. Kd2 Rb6 19. Rb4 Nc6 20. Rb5 Rxb5 21. Bxb5 Ne7 22. Bd3 Rd8 23. Rb1 Rd6 24. f3 Rb6 25. Rxb6 axb6 26. e4 c6 27. a4 Kc7 28. e5 Kd7 29. f4 f5 30. exf6 gxf6 31. g4 Kd6 32. h4 Nc8 33. Ke3 Ke7 34. g5 fxg5 35. fxg5 hxg5 36. hxg5 Ke6 37. Kf4 Ne7 38. Kg4 c5 39. Kh5 cxd4 40. cxd4 Nc6 41. Kh6 Nxd4 42. g6 Nc6 43. g7 Ne7 44. Kh7 Kd6 45. g8Q Nxg8 46. Kxg8 Kc5 47. Kf7 Kb4 48. Bb5 d4 49. Ke6 d3 50. Bxd3 Kxa4 51. Be4 Kb4 1/2-1/2

[Event "Haarlem BDO-B"]
[Site "Haarlem"]
[Date "2011.08.25"]
[Round "6"]
[White "Gijswijt, Bart"]
[Black "Arnaudov, Petar G"]
[Result "1/2-1/2"]
[WhiteElo "2341"]
[BlackElo "2439"]
[PlyCount "88"]
[EventDate "2011.08.20"]
[EventType "tourn"]
[EventRounds "9"]
[EventCountry "NED"]
[EventCategory "3"]
[SourceTitle "CBM 144 Extra"]
[Source "ChessBase"]
[SourceDate "2011.10.28"]
[SourceVersion "1"]
[SourceVersionDate "2011.10.28"]
[SourceQuality "1"]

1. d4 Nf6 2. c4 e6 3. Nf3 d5 4. g3 Bb4+ 5. Nbd2 dxc4 6. Bg2 b5 7. 0-0 0-0 8. b3 c3 9. Nb1 Bb7 10. a3 Be4 11. Ne1 Bxg2 12. Nxg2 Ba5 13. Qd3 Nc6 14. e3 e5 15. Qxb5 Qd7 16. dxe5 Rab8 17. Qe2 Nxe5 18. b4 Bb6 19. f4 Nd3 20. Nxc3 Rfe8 21. Bd2 Rbd8 22. Ra2 Qh3 23. Nd1 Ng4 24. Ne1 Nxe1 25. Rxe1 Rd3 26. Qg2 Qh5 27. h3 Nf6 28. Nf2 Bxe3 29. Bxe3 Rdxe3 30. Rxe3 Rxe3 31. Ng4 Re1+ 32. Kf2 Re8 33. Nxf6+ gxf6 34. Rd2 Qf5 35. Qc6 Re6 36. Qa8+ Kg7 37. Kg2 Re3 38. Qxa7 Qe4+ 39. Kh2 h5 40. Qxc7 h4 41. gxh4 Re2+ 42. Rxe2 Qxe2+ 43. Kg3 Qe3+ 44. Kg2 Qe2+ 1/2-1/2

[Event "Haarlem BDO-B"]
[Site "Haarlem"]
[Date "2011.08.24"]
[Round "5"]
[White "Brown, Andrew"]
[Black "Gijswijt, Bart"]
[Result "1-0"]
[WhiteElo "2202"]
[BlackElo "2341"]
[PlyCount "57"]
[EventDate "2011.08.20"]
[EventType "tourn"]
[EventRounds "9"]
[EventCountry "NED"]
[EventCategory "3"]
[SourceTitle "CBM 144 Extra"]
[Source "ChessBase"]
[SourceDate "2011.10.28"]
[SourceVersion "1"]
[SourceVersionDate "2011.10.28"]
[SourceQuality "1"]

1. d4 d5 2. c4 c6 3. Nf3 Nf6 4. Nc3 a6 5. a4 e6 6. Bg5 Nbd7 7. e3 Qa5 8. Nd2 Bb4 9. Qc2 dxc4 10. Bxf6 Nxf6 11. Nxc4 Qc7 12. a5 0-0 13. Bd3 c5 14. dxc5 Qxc5 15. 0-0 Bd7 16. Ne4 Nxe4 17. Bxe4 Bb5 18. b3 Rac8 19. Bxh7+ Kh8 20. Be4 Bxc4 21. bxc4 Bxa5 22. Bxb7 Rc7 23. Bxa6 Ra8 24. Rfd1 Qb6 25. Qe4 Qxa6 26. Qh4+ Kg8 27. Rd8+ Rxd8 28. Qxd8+ Kh7 29. Qxc7 1-0

[Event "Haarlem BDO-B"]
[Site "Haarlem"]
[Date "2010.08.29"]
[Round "9"]
[White "Gijswijt, Bart"]
[Black "Steadman, Michael VR"]
[Result "1-0"]
[WhiteElo "2311"]
[BlackElo "2277"]
[PlyCount "63"]
[EventDate "2010.08.21"]
[EventType "tourn"]
[EventRounds "9"]
[EventCountry "NED"]
[EventCategory "4"]
[SourceTitle "CBM 138 Extra"]
[Source "ChessBase"]
[SourceDate "2010.10.29"]
[SourceVersion "1"]
[SourceVersionDate "2010.10.29"]
[SourceQuality "1"]

1. d4 d6 2. Nf3 g6 3. c4 f5 4. g3 Nf6 5. Bg2 Bg7 6. 0-0 0-0 7. b4 Qe8 8. Bb2 Nbd7 9. Qb3 h6 10. Nbd2 g5 11. d5 a6 12. Nd4 Ne5 13. e3 g4 14. f4 gxf3 15. N2xf3 Nfg4 16. Nh4 Qh5 17. Rae1 Ng6 18. h3 N4e5 19. Nxg6 Qxg6 20. Kh2 Bd7 21. Nf3 Rab8 22. Qc2 e6 23. dxe6 Bxe6 24. Nd4 Bd7 25. Rf4 c5 26. bxc5 dxc5 27. Bd5+ Kh8 28. Nf3 Nxf3+ 29. Bxf3 b5 30. g4 bxc4 31. gxf5 Qf7 32. f6 1-0

[Event "Haarlem BDO-B"]
[Site "Haarlem"]
[Date "2010.08.28"]
[Round "8"]
[White "Kuipers, Stefan"]
[Black "Gijswijt, Bart"]
[Result "0-1"]
[WhiteElo "2354"]
[BlackElo "2311"]
[PlyCount "50"]
[EventDate "2010.08.21"]
[EventType "tourn"]
[EventRounds "9"]
[EventCountry "NED"]
[EventCategory "4"]
[SourceTitle "CBM 138 Extra"]
[Source "ChessBase"]
[SourceDate "2010.10.29"]
[SourceVersion "1"]
[SourceVersionDate "2010.10.29"]
[SourceQuality "1"]

1. e4 e6 2. d4 d5 3. Nc3 Bb4 4. e5 c5 5. a3 Bxc3+ 6. bxc3 Qa5 7. Bd2 Qa4 8. Qb1 c4 9. Nh3 Nc6 10. Nf4 Bd7 11. g3 0-0-0 12. Bg2 f6 13. exf6 Nxf6 14. h4 e5 15. dxe5 Nxe5 16. Ne2 Rhe8 17. 0-0 Nc6 18. Re1 Bf5 19. Ra2 Ne4 20. Bf4 Qa5 21. Qa1 Re6 22. g4 Bxg4 23. f3 Qc5+ 24. Kh1 Nf2+ 25. Kh2 Rde8 0-1

[Event "Haarlem BDO-B"]
[Site "Haarlem"]
[Date "2009.08.19"]
[Round "5"]
[White "Gijswijt, Bart"]
[Black "Stets, Dmitry"]
[Result "0-1"]
[WhiteElo "2265"]
[BlackElo "2427"]
[PlyCount "66"]
[EventDate "2009.08.15"]
[EventType "tourn"]
[EventRounds "9"]
[EventCountry "NED"]
[EventCategory "4"]
[SourceTitle "CBM 131 Extra"]
[Source "ChessBase"]
[SourceDate "2009.09.03"]
[SourceVersion "2"]
[SourceVersionDate "2009.09.16"]
[SourceQuality "1"]

1. d4 Nf6 2. c4 g6 3. Nc3 Bg7 4. e4 d6 5. Nf3 0-0 6. Be2 e5 7. 0-0 Nc6 8. d5 Ne7 9. Ne1 Nd7 10. f3 f5 11. g4 Nf6 12. Nd3 c6 13. Be3 Kh8 14. h4 b5 15. b3 a5 16. Nf2 Rb8 17. Kg2 b4 18. Na4 cxd5 19. cxd5 fxg4 20. fxg4 Nexd5 21. exd5 Nxd5 22. Bg5 Nf4+ 23. Kh2 Qd7 24. Ne4 h5 25. Bxf4 exf4 26. Rc1 Be5 27. Rxc8 f3+ 28. Kh1 Qxg4 29. Rxf3 Qxh4+ 30. Kg2 Rbxc8 31. Nf2 Rxf3 32. Bxf3 Qg5+ 33. Bg4 hxg4 0-1

[Event "Haarlem BDO-B"]
[Site "Haarlem"]
[Date "2006.08.??"]
[Round "2"]
[White "Gijswijt, Bart"]
[Black "Afek, Yochanan"]
[Result "1-0"]
[WhiteElo "2232"]
[BlackElo "2316"]
[PlyCount "83"]
[EventDate "2006.08.26"]
[EventType "tourn"]
[EventRounds "9"]
[EventCountry "NED"]
[SourceTitle "EXT 2015"]
[Source "ChessBase"]
[SourceDate "2014.11.20"]
[SourceVersion "1"]
[SourceVersionDate "2014.11.20"]
[SourceQuality "1"]

1. d4 Nf6 2. c4 g6 3. Nc3 Bg7 4. e4 0-0 5. Nf3 c5 6. d5 e5 7. h3 Nh5 8. Bg5 f6 9. Be3 d6 10. Nd2 Rf7 11. g3 Bf8 12. Be2 Ng7 13. Qc2 f5 14. f4 exf4 15. Bxf4 Nd7 16. 0-0-0 g5 17. Be3 f4 18. gxf4 gxf4 19. Bf2 Ne5 20. Nf3 Qe8 21. Rdg1 Kh8 22. Be1 a6 23. Na4 Qd8 24. Nxe5 dxe5 25. b3 f3 26. Bf1 Bd7 27. Nb2 Bd6 28. Nd3 Qf6 29. Bc3 b5 30. h4 bxc4 31. bxc4 h5 32. Rg5 Re7 33. Qh2 Rae8 34. Qg3 Kh7 35. Rg1 Bg4 36. Bh3 Bxh3 37. Qxh3 Rf8 38. Qg3 Ref7 39. Bxe5 Bxe5 40. Qxe5 f2 41. Rf1 Qf3 42. Rg3 1-0

[Event "Haarlem BDO-B"]
[Site "Haarlem"]
[Date "2005.08.28"]
[Round "2"]
[White "Gijswijt, Bart"]
[Black "In't Veld, Daan"]
[Result "1-0"]
[WhiteElo "2234"]
[BlackElo "2056"]
[PlyCount "67"]
[EventDate "2005.08.27"]
[EventType "tourn"]
[EventRounds "9"]
[EventCountry "NED"]
[SourceTitle "CBM 108 Extra"]
[Source "ChessBase"]
[SourceDate "2005.11.04"]
[SourceVersion "1"]
[SourceVersionDate "2005.11.04"]
[SourceQuality "1"]

1. d4 f5 2. Nc3 Nf6 3. Bg5 d5 4. f3 Be6 5. Qd2 c6 6. e3 Nbd7 7. Bd3 h6 8. Bh4 g5 9. Bf2 Qa5 10. a3 Bg7 11. Nge2 a6 12. Ng3 0-0-0 13. b4 Qc7 14. Nxf5 Bxf5 15. Bxf5 e5 16. 0-0 Rhf8 17. Na4 Nh5 18. Bg4 Nhf6 19. Be6 Rde8 20. Nc5 Qd6 21. dxe5 Qxe5 22. Bg3 Rxe6 23. Bxe5 Rxe5 24. Nd3 Re7 25. Rae1 Rfe8 26. Nc5 Nb6 27. e4 Nc4 28. Qf2 Nh5 29. exd5 Ne3 30. d6 Bd4 31. c3 Nc2 32. cxd4 Rxe1 33. d7+ Kc7 34. dxe8Q 1-0